00323nam a2200121Ia 4500008004100000020001800041041000800059082001400067100001400081245006700095260002500162650001400187180314s9999 xx 000 0 und d a9788131529782 aeng a541.3 VER aVerma,K.S 0aPhysical Chemistry: for joint entrance examination ,JEE Part 2 aCengagebIndiac2016 achemistry